Cities by Metro Map - Statistics

General Stats
  • This quiz has been taken 27 times
  • The average score is 5 of 12
Answer Stats
Picture Answer % Correct
Paris
78%
New York
65%
Beijing
61%
Moscow
52%
Washington D.C.
52%
Hong Kong
48%
London
48%
Montréal
39%
Rome
30%
Berlin
26%
Cairo
13%
Rio de Janeiro
13%
No matching quizzes found
Score Distribution
Percent of People with Each Score
Percentile by Number Answered
Your Score History
You have not taken this quiz